00458nam a2200169Ia 4500003000900000008004100009040001600050080001600066100002100082245005700103260003200160300001600192650001600208650002900224650001600253650001900269IN-BaIIA211028s9999 xx 000 0 eng d cIIA Library a620.51bRAV aRaven, Francis H 0aMathematics of engineering systemscFrancis H. Raven aNew YorkbMcGraw-Hillc1966 axiii, 524p. aEngineering aMathematical engineering aMathematics aNASA Thesaurus